Normal view MARC view
  • War of Islam

Entry Topical Term

Number of records used in: 1

001 - CONTROL NUMBER

  • control field: 109993

003 - CONTROL NUMBER IDENTIFIER

  • control field: NUST

005 - DATE AND TIME OF LATEST TRANSACTION

  • control field: 20230308115346.0

008 - FIXED-LENGTH DATA ELEMENTS

  • fixed length control field: 230308|| aca||aabn | a|a d

040 ## - CATALOGING SOURCE

  • Original cataloging agency: NUST
  • Transcribing agency: NUST

150 ## - HEADING--TOPICAL TERM

  • Topical term or geographic name entry element: War of Islam

670 ## - SOURCE DATA FOUND

  • Source citation: Work cat.: (NUST)188006: Puri, Akhtar Fathe 109992, Fateh Makkah /
© 2023 Central Library, National University of Sciences and Technology. All Rights Reserved.